[Event "Berliner Sommer 16th"]
[Site "Berlin"]
[Date "1998.??.??"]
[Round "4"]
[White "Vinke, Andreas"]
[Black "Kelly, Bryan"]
[Result "0-1"]
[WhiteElo "2195"]
[BlackElo "2405"]

1.c4 e6 2.Nf3 Nf6 3.g3 b6 4.Bg2 Bb7 5.O-O c5 6.b3 Be7 7.Bb2 O-O 8.e3 a6 9.Nc3 d6
10.Qe2 Nbd7 11.d3 Rb8 12.Ne1 d5 13.cxd5 exd5 14.Nf3 b5 15.d4 c4 16.bxc4 dxc4
17.a3 Ne4 18.Nxe4 Bxe4 19.Ne1 Bxg2 20.Nxg2 Nb6 21.Nf4 a5 22.d5 Bf6 23.Bxf6 Qxf6
24.e4 Qe5 25.Qe3 Rfe8 26.Rfe1 Na4 27.Qa7 Ra8 28.Qd7 Nc3 29.Qc6 Qd4 30.e5 Rac8
31.Qd7 Rcd8 32.Qc7 Nxd5 33.Nxd5 Rxd5 34.Qxa5 Rdxe5 35.Rad1 Rxe1+ 36.Rxe1 Rxe1+
37.Qxe1 Qd7 38.Qe5 h6 39.h4 g6 40.Qe1 h5 41.Qe5 Kh7 42.Qc5 Qf5 43.Qc6 Qe5
44.a4 Qa1+ 45.Kg2 bxa4 46.Qxc4 Kg7 47.g4 hxg4 48.Qxg4 a3 49.h5 Qf6 50.Qa4 Qg5+
51.Kf1 Qc1+ 52.Kg2 gxh5 53.Qd4+ f6 54.Qd7+ Kh6 55.Qe8 Qc5 56.Qh8+ Kg6 57.Qg8+ Kf5
58.Qb3 Qd6 59.Qh3+ Kg6 60.Qb3 Kg7 61.Qb7+ Kh6 62.Qa8 f5 63.Qh8+ Kg5 64.Qg8+ Kh4
65.Qc4+ f4 66.Qb3 Qc6+ 67.f3 Qc5 68.Qd3 a2 69.Qd1 Qe5  0-1

[Event "Biel op"]
[Site "Biel"]
[Date "1998.??.??"]
[Round "11"]
[White "Terreaux, Gilles"]
[Black "Bozinovic, Bogdan"]
[Result "1-0"]
[WhiteElo "2230"]
[BlackElo "2245"]

1.Nf3 c5 2.g3 b6 3.Bg2 Bb7 4.c4 Nf6 5.O-O e6 6.b3 d6 7.Bb2 Nbd7 8.e3 Be7
9.Nc3 O-O 10.d4 a6 11.d5 exd5 12.Nh4 g6 13.Nxd5 Bxd5 14.Bxd5 Nxd5 15.Qxd5 Nf6
16.Qf3 Ne8 17.Ng2 Bf6 18.Bxf6 Nxf6 19.Rfd1 Ra7 20.Nf4 Re8 21.Qc6 Rd7 22.Rd3 g5
23.Nd5 Nxd5 24.Rxd5 Re6 25.Rxg5+ Qxg5 26.Qxd7 Rxe3 27.Qxd6 Re2 28.Rd1 Qf5
29.Rf1 Rxa2 30.Qxb6 a5 31.Qb5 Kg7 32.Qe8 Rd2 33.Qe1 Rb2 34.Qc3+ Qf6 35.Qxa5 Qd4
36.Qb6 h5 37.h4 Rc2 38.Qb8 Rb2 39.Qb7 Rc2 40.Qe7 Rc3 41.Qg5+ Kf8 42.Re1 f6
43.Qh6+ Kf7 44.Qh7+ Kf8 45.Qh8+ Kf7 46.Qe8+ Kg7 47.Re7+  1-0

[Event "Slovan op"]
[Site "Bratislava"]
[Date "1998.??.??"]
[Round "7"]
[White "Slapak, Zdenek"]
[Black "Rachela, Milan"]
[Result "1/2-1/2"]
[WhiteElo "2195"]
[BlackElo "2075"]

1.Nf3 c5 2.g3 b6 3.Bg2 Bb7 4.O-O Nf6 5.c4 e6 6.Nc3 Be7 7.b3 O-O 8.Bb2 d6
9.e3 Nbd7 10.Qe2 Ne4 11.Rfd1 Ndf6 12.Na4 a6 13.d3 b5 14.dxe4 bxa4 15.e5 Ne8
16.exd6 Bxd6 17.e4 Qb6 18.e5 Be7 19.Rd7 Ra7 20.Rd3 Bc6 21.Rad1 Nc7 22.h4 Rb8
23.Ng5 Rab7 24.Qh5 Bxg5 25.hxg5 Bxg2 26.Kxg2 axb3 27.axb3 Qc6+ 28.f3 Rxb3
29.Bc3 Rb1 30.R1d2 Ne8 31.Rd7 g6 32.Qg4 R1b7 33.R7d3 Ra8 34.Ba5 Qa4 35.Qe4 Raa7
36.Rd8 Kf8 37.Qe2 Kg7 38.Qe3 Qxa5 39.Rxe8 Rd7 40.Rb2 Rd8 41.Rxd8 Qxd8 42.Qxc5 Rc7
43.Qb6 Qc8 44.Qd6 Rc6 45.Rb8 Rxd6 46.Rxc8 Rd2+ 47.Kh3 Rc2 48.Kg4 a5 49.Ra8 Rxc4+
50.f4 a4 51.Ra7 Rb4 52.Kh4 Rd4 53.Kg4 Rb4 54.Kh4  1/2-1/2

[Event "Wch-09 blind "]
[Site "Brno"]
[Date "1998.??.??"]
[Round "9"]
[White "Smirnov, Sergei"]
[Black "Berlinsky, Vladimir"]
[Result "1/2-1/2"]
[WhiteElo "2205"]
[BlackElo "2315"]

1.Nf3 Nf6 2.c4 c5 3.g3 b6 4.Bg2 Bb7 5.O-O e6 6.Nc3 d6 7.d4 cxd4 8.Qxd4 a6
9.Rd1 Nbd7 10.Ng5 Bxg2 11.Kxg2 Rc8 12.Nge4 Rc6 13.Bg5 Be7 14.Bxf6 Nxf6 15.Nxf6+ Bxf6
16.Qe4 Qc8 17.Qf3 O-O 18.Ne4 Bxb2 19.Rxd6 Rxd6 20.Nxd6 Qc7 21.Rb1 Bd4 22.e3 Be5
23.Ne4 Qxc4 24.Rxb6 Qxa2 25.Nc5  1/2-1/2

[Event "Budapest FS07 IM-B"]
[Site "Budapest"]
[Date "1998.??.??"]
[Round "6"]
[White "Kolbus, Dietmar"]
[Black "Alienkin, Aleksander"]
[Result "1-0"]
[WhiteElo "2320"]
[BlackElo "2415"]

1.c4 e6 2.Nf3 Nf6 3.g3 b6 4.Bg2 Bb7 5.O-O c5 6.Nc3 Be7 7.d4 cxd4 8.Qxd4 O-O
9.Rd1 Nc6 10.Qf4 a6 11.b3 Rb8 12.Bb2 d6 13.Rac1 Ba8 14.Ba3 d5 15.Bxe7 Nxe7
16.e4 Qe8 17.exd5 exd5 18.Re1 Qd7 19.Ne5 Qa7 20.Nxd5 Nexd5 21.cxd5 Nxd5 22.Bxd5 Bxd5
23.Nc6 Bxc6 24.Rxc6 Qd7 25.Rd6 Qb5 26.Re5  1-0

[Event "Moravia-chT 9798"]
[Site "CZE"]
[Date "1998.??.??"]
[Round "8.7"]
[White "Malis, Jiri"]
[Black "Kana, Pavel"]
[Result "0-1"]
[WhiteElo "2210"]
[BlackElo "2150"]

1.c4 Nf6 2.g3 e6 3.Nf3 b6 4.Bg2 Bb7 5.O-O c5 6.d3 Be7 7.e4 d6 8.Nc3 O-O 9.Ne1 Nc6
10.f4 Nd7 11.Nf3 Nd4 12.Nxd4 cxd4 13.Ne2 e5 14.g4 a5 15.Ng3 g6 16.Rf2 Bh4
17.Bh3 Nc5 18.f5 Bg5 19.Bf1 Bxc1 20.Rxc1 Qg5 21.Rcc2 Qe3 22.Qf3 Qxf3 23.Rxf3 f6
24.h4 Kg7 25.Rg2 Bc6 26.Be2 Ba4 27.b3 Bc6 28.Rf1 Rab8 29.g5 Kh8 30.h5 fxg5
31.hxg6 hxg6 32.fxg6 Rxf1+ 33.Kxf1 Rf8+ 34.Nf5 Rxf5+ 35.exf5 Bxg2+ 36.Kxg2 Kg7
37.Kf3 Kf6 38.Kg4 e4 39.Kh5 exd3 40.Bf3 Nd7 41.Kh6 Kxf5 42.g7 Nf6 43.Bh5 d2
44.Be2 g4  0-1

[Event "Sparkasse op"]
[Site "Dortmund"]
[Date "1998.??.??"]
[Round "?"]
[White "Schebler, Gerhard"]
[Black "Gipslis, Aivars"]
[Result "0-1"]
[WhiteElo "2450"]
[BlackElo "2450"]

1.Nf3 Nf6 2.g3 b6 3.Bg2 Bb7 4.O-O e6 5.c4 c5 6.Nc3 Be7 7.Re1 a6 8.e4 d6 9.d4 cxd4
10.Nxd4 Qc7 11.Be3 O-O 12.f4 Nc6 13.Nxc6 Bxc6 14.Rc1 Qb7 15.Bd4 b5 16.g4 bxc4
17.g5 Nd7 18.Nd5 exd5 19.exd5 Bxd5 20.Rxe7 Bxg2 21.Qg4 Bc6 22.Rce1 Qc8 23.h3 Nc5
24.f5 Re8 25.Bxg7 Rxe7 26.Rxe7 Be4 27.g6 hxg6 28.Qg5 Qxf5  0-1

[Event "IRL-ch"]
[Site "Dublin"]
[Date "1998.??.??"]
[Round "7"]
[White "O'Cinneide, Mel"]
[Black "Heidenfeld, Mark"]
[Result "1/2-1/2"]
[WhiteElo "2285"]
[BlackElo "2335"]

1.c4 e6 2.Nf3 Nf6 3.g3 b6 4.Bg2 Bb7 5.O-O c5 6.Nc3 Qc7 7.d4 a6 8.Bg5 Ne4
9.Nxe4 Bxe4 10.Qd2 Qb7 11.Rfd1 cxd4 12.Qxd4 f6 13.Be3 Bc5 14.Qc3 O-O 15.Bxc5 bxc5
16.Qe3 Rc8 17.Rd2 a5 18.Rad1 Ra6 19.h4 d5 20.cxd5 exd5 21.Ne1 Bxg2 22.Nxg2 d4
23.Qd3 Nd7 24.Qc4+ Kh8 25.Ne1 Ne5 26.Qc2 Raa8 27.b3 a4 28.Rb1 Rab8 29.Rdd1 axb3
30.axb3 Kg8 31.Nd3 Qe4 32.Qd2 Rb5 33.Rdc1 Rcb8 34.Nxe5 fxe5 35.Qd3 Qd5 36.Qc4 Qf7
37.Rc2 e4 38.Rbc1 Qxc4 39.Rxc4 d3 40.exd3 exd3 41.Rxc5 Rxc5 42.Rxc5 Rxb3
43.Rd5 Kf7  1/2-1/2

[Event "Centrocoop Sept op-A"]
[Site "Eforie Nord"]
[Date "1998.??.??"]
[Round "?"]
[White "Martin, Teodor Vasile"]
[Black "Bondoc, Dan Vladimir"]
[Result "0-1"]
[WhiteElo "2115"]
[BlackElo "2255"]

1.c4 Nf6 2.Nf3 c5 3.g3 b6 4.Bg2 Bb7 5.O-O e6 6.d3 d6 7.Nc3 Nbd7 8.e3 a6 9.a4 Qc7
10.e4 Be7 11.Nh4 O-O 12.f4 Rfe8 13.g4 Nb8 14.g5 Nfd7 15.Nf3 Bf8 16.h4 g6
17.Nh2 Nc6 18.f5 Nde5 19.Bf4 Rad8 20.Bxe5 Nxe5 21.f6 h5 22.gxh6 Bxh6 23.Ng4 Kh7
24.Nxh6 Kxh6 25.Qd2+ Kh7 26.Qg5 Rh8 27.h5 Rdf8 28.Rf4 Kg8 29.Rh4 Qd8 30.Rf1 Qd7
31.Rff4 Bc6 32.Bh3 Rh7 33.hxg6 fxg6 34.Bxe6+ Qxe6 35.Rxh7 Kxh7 36.Rh4+ Kg8
37.Rh8+ Kf7 38.Rh7+ Ke8 39.f7+ Kd7  0-1

[Event "Oberliga Ost B9798"]
[Site "Germany"]
[Date "1998.??.??"]
[Round "?.7"]
[White "Eilers, Stefan"]
[Black "Jaeger, Ganja"]
[Result "1/2-1/2"]
[WhiteElo "2320"]
[BlackElo "2195"]

1.Nf3 c5 2.g3 b6 3.Bg2 Bb7 4.O-O Nf6 5.c4 e6 6.b3 Be7 7.Nc3 d6 8.d4 cxd4
9.Qxd4 O-O 10.Rd1 a6 11.Ba3 Ne8 12.Qf4 Nd7 13.Ne4 d5 14.Bxe7 Qxe7 15.cxd5 Bxd5
16.Rd2 Nef6 17.Nc3 Bb7 18.Qd6 Qxd6 19.Rxd6 Rac8  1/2-1/2

[Event "BL2-S9798"]
[Site "Germany"]
[Date "1998.??.??"]
[Round "?.1"]
[White "Mandl, Robert"]
[Black "Zeller, Frank"]
[Result "1/2-1/2"]
[WhiteElo "2420"]
[BlackElo "2440"]

1.c4 Nf6 2.Nf3 c5 3.g3 b6 4.Bg2 Bb7 5.O-O e6 6.Nc3 d6 7.d3 Be7 8.e4 O-O 9.Ne1 Nc6
10.b3 Nd7 11.Nc2 Bf6 12.Bb2 a6 13.Qd2 b5 14.Ne3 b4 15.Ne2 Bxb2 16.Qxb2 Qb6
17.f4 Nd4 18.g4 a5 19.g5 a4 20.Ng4 axb3 21.axb3 Nxe2+ 22.Qxe2 Ra3 23.Rab1 Qa7
24.Rb2 Ra1 25.f5 Rxf1+ 26.Bxf1 exf5 27.Ra2 Qb8 28.exf5 Re8 29.Qf2 Ne5 30.Nxe5 Rxe5
31.Re2 Qe8 32.h4 g6 33.fxg6 hxg6 34.Qh2 Qe6 35.Rxe5 dxe5 36.Qe2 Qf5 37.Bg2 Bxg2
38.Kxg2 Qf4 39.Qf2 Qg4+ 40.Kh2 e4 41.dxe4 Qxe4 42.Kg3 Qe5+ 43.Qf4 Qc3+ 44.Qf3 Kf8
45.Kf4 Qe1 46.Kg4 Qe6+ 47.Kg3 Qe5+ 48.Kg4 Qd4+ 49.Kg3 Qg1+ 50.Kf4 Qh2+ 51.Kg4 Qg1+
52.Kf4 Kg7 53.Qe3 Qh2+ 54.Kg4 Qg2+ 55.Kf4 Qf1+ 56.Kg4 Qg2+  1/2-1/2

[Event "Oberliga Nord O9798"]
[Site "Germany"]
[Date "1998.??.??"]
[Round "?"]
[White "Heinig, Wolfram"]
[Black "Brustkern, Juergen"]
[Result "1/2-1/2"]
[WhiteElo "2305"]
[BlackElo "2210"]

1.Nf3 Nf6 2.c4 c5 3.g3 b6 4.Bg2 Bb7 5.O-O e6 6.d4 cxd4 7.Qxd4 d6 8.Nc3 Be7
9.Rd1 a6 10.b3 Nbd7 11.e4 Qb8 12.Ba3 Nc5 13.e5 dxe5 14.Qxe5 Ncd7 15.Qxb8+ Rxb8
16.Bd6 Bxd6 17.Rxd6 Ke7 18.Rd2 Rhc8 19.Re1 b5 20.Nd5+ Kf8 21.Nxf6 Nxf6 22.Ne5 Bxg2
23.Kxg2 bxc4 24.Nxc4 Nd5 25.f4 g6 26.Kf3 h5 27.h3 Rc5 28.g4 hxg4+ 29.hxg4 a5
30.f5 gxf5 31.gxf5 a4 32.fxe6 axb3 33.Ne5 Nf6 34.Nd7+ Nxd7 35.exd7 Rd8 36.axb3 Rc3+  1/2-1/2

[Event "Oberliga Nord O9798"]
[Site "Germany"]
[Date "1998.??.??"]
[Round "?"]
[White "Jaehnisch, Frank"]
[Black "Mahn, Franko"]
[Result "1/2-1/2"]
[WhiteElo "2225"]
[BlackElo "2200"]

1.Nf3 Nf6 2.c4 e6 3.g3 b6 4.Bg2 Bb7 5.O-O c5 6.b3 Be7 7.Bb2 O-O 8.d3 d5 9.e3 Nc6
10.Qe2 Qc7 11.Nc3 Rad8 12.Rfd1 Qb8 13.cxd5 Nxd5 14.Nxd5 Rxd5 15.d4 Rdd8 16.dxc5  1/2-1/2

[Event "NRW-Liga 9798"]
[Site "Germany"]
[Date "1998.??.??"]
[Round "6"]
[White "Adamski, Jan"]
[Black "Cosma, Ioan"]
[Result "1/2-1/2"]
[WhiteElo "2390"]
[BlackElo "2470"]

1.c4 c5 2.Nf3 Nf6 3.g3 b6 4.Bg2 Bb7 5.O-O e6 6.Nc3 a6 7.d4 cxd4 8.Qxd4 d6
9.Bg5 Nbd7 10.Nd2 Bxg2 11.Kxg2 Qc7 12.Rfd1 Be7 13.Nde4 O-O 14.Nxf6+ Nxf6
15.Ne4 Nxe4 16.Bxe7 Qxe7 17.Qxe4 b5 18.b3 bxc4 19.bxc4 Qc7 20.Rab1 Rac8 21.Rb7 Qa5
22.Rxd6 Qxa2 23.Ra7 a5 24.Rda6 Rxc4 25.Qe5 Qb1 26.Ra8 Qe4+ 27.Qxe4 Rxe4 28.e3 Ra4
29.R8a7 g6  1/2-1/2

[Event "BL2-N9798"]
[Site "Germany"]
[Date "1998.??.??"]
[Round "9.6"]
[White "Heuer, Thomas"]
[Black "Cladouras, Panagiotis"]
[Result "1-0"]
[WhiteElo "2260"]
[BlackElo "2390"]

1.Nf3 Nf6 2.c4 e6 3.g3 b6 4.Bg2 Bb7 5.O-O c5 6.Nc3 d5 7.cxd5 Nxd5 8.d4 Nd7
9.Re1 cxd4 10.Nxd5 Bxd5 11.Qxd4 Nf6 12.Ne5 Bxg2 13.Qa4+ Nd7 14.Kxg2 Bd6 15.Nc4 Qc7
16.Nxd6+ Qxd6 17.Bf4 Qd5+ 18.e4 Qb7 19.Red1 b5 20.Qd4 Nf6 21.Be5 Nxe4 22.Bxg7 Rg8
23.f3 Ng5 24.Rd3 f5 25.Bf6 Nf7 26.Re1 Qc6 27.Red1 Rg6 28.Bh4 Kf8 29.Qd7 Qxd7
30.Rxd7 a5 31.Rb7 b4 32.Rdd7 Ne5 33.Rxh7 Kg8 34.Rhc7 Re8 35.Ra7 Nd3 36.b3 Nf4+
37.Kf2  1-0

[Event "Haarlem AKN op"]
[Site "Haarlem"]
[Date "1998.??.??"]
[Round "3"]
[White "Maes, Wim"]
[Black "Azadmanesh, Moosa"]
[Result "1-0"]
[WhiteElo "2225"]
[BlackElo "2145"]

1.Nf3 c5 2.g3 b6 3.Bg2 Bb7 4.O-O e6 5.c4 Nf6 6.Nc3 Be7 7.e3 d5 8.cxd5 Nxd5
9.Nxd5 Bxd5 10.Qe2 Nd7 11.e4 Bb7 12.d4 O-O 13.Rd1 cxd4 14.Nxd4 Bc5 15.Nb3 Qe7
16.Nxc5 Nxc5 17.b4 Na4 18.Qg4 Rfd8 19.Bh6 f6 20.Bh3 Nc3 21.Rdc1 Nb5 22.Be3 Bc8
23.Rxc8 Raxc8 24.Qxe6+ Kf8 25.Qxe7+ Kxe7 26.Bxc8 Rxc8 27.a4 Nd6 28.a5 Nxe4
29.axb6 axb6 30.Ra7+ Kf8 31.Rb7 Nd6 32.Rxb6 Nc4 33.Bc5+ Kf7 34.Rb7+ Kg6 35.Kf1 Nd2+
36.Ke2 Ne4 37.Be3 Rc3 38.b5 Rb3 39.b6 Nd6 40.Rc7 Nb5 41.Rd7 Nc3+ 42.Kf1 Rb5
43.b7  1-0

[Event "4 Landerkampf"]
[Site "Hessen"]
[Date "1998.??.??"]
[Round "2"]
[White "Bode, Wilfried"]
[Black "Kersten, Uwe"]
[Result "1/2-1/2"]
[WhiteElo "2400"]
[BlackElo "2360"]

1.Nf3 c5 2.c4 Nf6 3.g3 b6 4.Bg2 Bb7 5.O-O e6 6.Nc3 Be7 7.d4 cxd4 8.Qxd4 d6
9.Bg5 a6 10.Bxf6 Bxf6 11.Qf4 Ra7 12.Rfd1 Be7 13.Ne4 Bxe4 14.Qxe4 O-O 15.Nd4 Rc7
16.b3 Qc8 17.a4 Rd8 18.Qe3 Bf6 19.Rab1  1/2-1/2

[Event "4 Landerkampf"]
[Site "Hessen"]
[Date "1998.??.??"]
[Round "3"]
[White "Oswald, Hans Joachim"]
[Black "Schild, Christoph"]
[Result "1-0"]
[WhiteElo "2305"]
[BlackElo "2195"]

1.Nf3 e6 2.c4 Nf6 3.g3 b6 4.Bg2 Bb7 5.O-O c5 6.b3 Be7 7.Bb2 O-O 8.d3 d6 9.e4 Nbd7
10.Nc3 a6 11.Ne1 Qc7 12.f4 Rad8 13.g4 Qb8 14.g5 Ne8 15.Qh5 Nc7 16.Rf3 Rfe8
17.Rh3 Nf8 18.f5 exf5 19.exf5 Bxg2 20.Nxg2 f6 21.Ne4 d5 22.gxf6 dxe4 23.f7+ Kh8
24.Nf4 Rd6 25.Ng6+ Rxg6+ 26.fxg6 Nce6 27.Qxh7+  1-0

[Event "HUN-chT9899"]
[Site "HUN"]
[Date "1998.??.??"]
[Round "?"]
[White "Hardicsay, Peter"]
[Black "Schneider, Attila"]
[Result "1/2-1/2"]
[WhiteElo "2320"]
[BlackElo "2375"]

1.c4 c5 2.Nf3 Nf6 3.g3 b6 4.Bg2 Bb7 5.O-O e6 6.Nc3 a6 7.b3 d6 8.Bb2 Be7 9.d4 cxd4
10.Qxd4 Nbd7 11.Rfd1 O-O 12.h3 Qc7 13.Rac1 Rfd8  1/2-1/2

[Event "HUN-chT9899"]
[Site "HUN"]
[Date "1998.??.??"]
[Round "?"]
[White "Csarmasz, M."]
[Black "Gosztola, Istvan"]
[Result "1-0"]
[WhiteElo "2015"]
[BlackElo "2230"]

1.Nf3 Nf6 2.g3 b6 3.Bg2 Bb7 4.O-O c5 5.c4 e6 6.d3 Be7 7.Nbd2 O-O 8.b3 d5
9.Bb2 d4 10.b4 Qc7 11.Qc2 Rd8 12.b5 Nbd7 13.a4 Nf8 14.Ra2 Ng6 15.a5 Rab8
16.axb6 axb6 17.Ra7 h5 18.Rfa1 h4 19.Qa4 hxg3 20.hxg3 Bd6 21.Nf1 Rd7 22.Bc1 Re8
23.Rxb7 Qxb7 24.Ne5 Qc7 25.Nxd7 Nxd7 26.Qa7 Nde5 27.Qxc7 Bxc7 28.Ra7 Re7
29.Ra8+ Kh7 30.Nd2 f6 31.Ne4 Nd7 32.Rc8 Be5 33.Bh3 Ngf8 34.f4 Bb8 35.Kf2 Kg6
36.e3 e5 37.exd4 exd4 38.Bd2 f5 39.Ng5 Kf6 40.Rc6+ Ne6 41.Bg2 Ba7 42.Bd5 Nf8
43.Kf3 g6 44.Be1 Re8 45.g4  1-0

[Event "HUN-chT 9798"]
[Site "Hungary"]
[Date "1998.??.??"]
[Round "?"]
[White "Hever, Miklos"]
[Black "Gosztola, Istvan"]
[Result "1-0"]
[WhiteElo "2295"]
[BlackElo "2280"]

1.Nf3 Nf6 2.c4 e6 3.g3 b6 4.Bg2 Bb7 5.O-O c5 6.Nc3 Be7 7.d4 cxd4 8.Qxd4 Nc6
9.Qd3 Nb4 10.Qd2 O-O 11.Rd1 a6 12.b3 Qc7 13.Bb2 Rfd8 14.Rac1 Rac8 15.a3 Nc6
16.b4 d6 17.Nd5 exd5 18.cxd5 Qd7 19.dxc6 Bxc6 20.Nd4 Bxg2 21.Kxg2 d5 22.Qg5 h6
23.Qf5 Rc4 24.Qxd7 Rxd7 25.Nf5 Re4 26.e3 Ne8 27.Rc8 Bf8 28.Rb8 g6 29.Nd4 Nd6
30.Nf3 Nc4 31.Nd2 Nxd2 32.Rxd2 Re6 33.Rc2 f5 34.Rcc8 Rf7 35.Bd4 b5 36.Rd8 Rc6
37.Bc5 Rcf6 38.Rxd5 Kh7 39.Bxf8 Rxf8 40.Rxf8 Rxf8 41.Rd7+  1-0

[Event "HUN-chT 9798"]
[Site "Hungary"]
[Date "1998.??.??"]
[Round "?"]
[White "Hever, Miklos"]
[Black "Csonkics, Tunde"]
[Result "1/2-1/2"]
[WhiteElo "2295"]
[BlackElo "2230"]

1.Nf3 Nf6 2.c4 e6 3.g3 b6 4.Bg2 Bb7 5.O-O c5 6.Nc3 d6 7.b3 a6 8.Bb2 Be7 9.d4 cxd4
10.Qxd4 Nbd7 11.Rad1 Qc7 12.e4 O-O 13.Rfe1 Rad8 14.Qd2 Rfe8 15.Nd4 Bf8 16.h3 Qb8
17.Kh2  1/2-1/2

[Event "HUN-chT 9798"]
[Site "Hungary"]
[Date "1998.??.??"]
[Round "?"]
[White "Bako, Viktor"]
[Black "Csiszar, Zoltan"]
[Result "0-1"]
[WhiteElo "2225"]
[BlackElo "2215"]

1.c4 Nf6 2.Nf3 e6 3.g3 b6 4.Bg2 Bb7 5.O-O c5 6.Nc3 Be7 7.d4 cxd4 8.Qxd4 d6
9.Rd1 a6 10.Be3 Nbd7 11.h3 O-O 12.b4 Rc8 13.Nd2 Bxg2 14.Kxg2 Qc7 15.Rac1 b5
16.cxb5 axb5 17.Kh2 Qb7 18.Nce4 d5 19.Nc5 Nxc5 20.bxc5 Qc6 21.Rc2 Nd7 22.Nb3 Ra8
23.Qd3 Bf6 24.Bf4 Ra4 25.f3 Rfa8 26.Rdd2 h6 27.e4 d4 28.Bd6 Be5 29.Bxe5 Nxe5
30.Nxd4 Rxd4  0-1

[Event "Klatovy op-B"]
[Site "Klatovy"]
[Date "1998.??.??"]
[Round "?"]
[White "Hubka, R."]
[Black "Dungl, P."]
[Result "0-1"]
[WhiteElo "1835"]
[BlackElo "1765"]

1.Nf3 e6 2.c4 c5 3.g3 b6 4.Bg2 Bb7 5.O-O Nf6 6.b3 Be7 7.Bb2 O-O 8.d3 d6 9.Nbd2 Nbd7
10.Rc1 Rb8 11.Rc2 d5 12.e3 dxc4 13.bxc4 Rc8 14.Nb3 Nb8 15.Rd2 Qe8 16.Qa1 Ba8
17.Re1 Nc6 18.h3 Kh8 19.Nc1 Rg8 20.Ne2 Nd7 21.Nh2 Bf6 22.d4 cxd4 23.exd4 Ne7
24.Bxa8 Rxa8 25.Ng4 Ng6 26.Nxf6 gxf6 27.Kh2 h5 28.Nc3 h4 29.Ne4 Qb8 30.Qd1 Rg7
31.d5 e5 32.Qf3 Qd8 33.Nd6 hxg3+ 34.fxg3 Kg8 35.Rf2 Ngf8 36.Re4 Nc5 37.Qxf6 Qxf6
38.Rxf6 Nxe4 39.Nxe4 Nd7 40.Rd6 f5 41.Rxd7 fxe4 42.Rxg7+ Kxg7 43.Bxe5+ Kf7
44.h4 Re8 45.Bc3 Rc8 46.h5 Rxc4 47.Be5 Rc5 48.Bb8 Rxd5 49.Bxa7 Rxh5+ 50.Kg2 b5
51.Kf2 Ke6 52.Ke3 Kd5 53.g4 Rh3+ 54.Kf4  0-1

[Event "Klatovy op-A"]
[Site "Klatovy"]
[Date "1998.??.??"]
[Round "?"]
[White "Lechtynsky, Jiri"]
[Black "Stluka, Frantisek"]
[Result "1-0"]
[WhiteElo "2405"]
[BlackElo "2085"]

1.Nf3 Nf6 2.g3 b6 3.Bg2 Bb7 4.O-O e6 5.c4 c5 6.d4 cxd4 7.Qxd4 d6 8.Nc3 a6
9.Rd1 Nbd7 10.Ng5 Bxg2 11.Kxg2 Qc7 12.Nge4 Rd8 13.Bg5 Be7 14.Nxd6+ Bxd6 15.Qxd6 Qxc4
16.Bxf6 gxf6 17.Rac1 Qc5 18.Ne4 Qe5 19.Rd4 f5 20.f4 Qxd6 21.Nxd6+ Ke7 22.Rc7 f6
23.Rd2 h5 24.Nb7 e5 25.Nxd8 Rxd8 26.Kh3  1-0

[Event "MK Cafe Cup-B"]
[Site "Koszalin"]
[Date "1998.??.??"]
[Round "7"]
[White "Hadrys, Bogdan"]
[Black "Shevchenko, Sergey"]
[Result "1/2-1/2"]
[WhiteElo "2120"]
[BlackElo "2260"]

1.Nf3 e6 2.g3 b6 3.Bg2 Bb7 4.O-O Nf6 5.c4 c5 6.Nc3 Be7 7.b3 O-O 8.Bb2 Nc6
9.d4 Nxd4 10.Nxd4 Bxg2 11.Kxg2 cxd4 12.Qxd4 Qc7 13.Rad1 Rfd8 14.e4 Qc6 15.f3 d6
16.Rfe1 Ne8 17.Ne2 Bf6 18.Qd2 Bxb2 19.Qxb2 Rac8 20.Rd2 Rc7 21.Red1 Rcd7 22.Qa3 Qc5
23.Qxc5 bxc5 24.Nc3 Kf8 25.e5 f5 26.Na4 Ke7 27.Kf2 Nc7 28.f4 Na6 29.exd6+ Rxd6
30.Ke3 Rxd2 31.Rxd2 Rxd2 32.Kxd2 e5 33.Nc3 Nb4 34.fxe5 Ke6 35.a3 Nc6 36.Na4 Nxe5
37.Nxc5+ Kd6 38.Nd3 Nf3+ 39.Ke3 Nxh2 40.Kf4 g6 41.Kg5 Nf1 42.g4 fxg4 43.Kxg4 a5
44.c5+ Kc6 45.b4 axb4  1/2-1/2

[Event "MK Cafe Cup-B"]
[Site "Koszalin"]
[Date "1998.??.??"]
[Round "7"]
[White "Twardowski, Lukasz"]
[Black "Kozlowski, Waldemar"]
[Result "1-0"]
[WhiteElo "2255"]
[BlackElo "2330"]

1.c4 Nf6 2.Nf3 c5 3.g3 b6 4.Bg2 Bb7 5.O-O e6 6.b3 Be7 7.Bb2 O-O 8.Nc3 d6
9.d4 cxd4 10.Nxd4 Bxg2 11.Kxg2 a6 12.e3 Qc8 13.Qf3 Ra7 14.Rfd1 Rc7 15.Nde2 Nbd7
16.Ne4 Nxe4 17.Qxe4 b5 18.cxb5 axb5 19.Rac1 Bf6 20.Bd4 d5 21.Qb1 e5 22.Bb2 Nb6
23.Rxc7 Qxc7 24.Qf5 Qd6 25.Nc3 Qc6 26.Qd3 e4 27.Qd2 Ra8 28.Kg1 b4 29.Na4 Nxa4
30.bxa4 Bxb2 31.Qxb2 Rxa4 32.Qb3 h6 33.Rxd5 Qa6 34.Rd8+ Kh7 35.Qxf7 Ra5 36.Qg8+ Kg6
37.Qe8+ Kf5 38.Qd7+ Kg6 39.Qg4+ Rg5 40.Qxe4+ Kh5 41.Rd7 Qxa2 42.Qe8+ Rg6
43.Rd4  1-0

[Event "RUS-Cup"]
[Site "Krasnoiarsk"]
[Date "1998.??.??"]
[Round "4"]
[White "Lopushnoy, Denis"]
[Black "Prokopchuk, Evgeny"]
[Result "1/2-1/2"]
[WhiteElo "2390"]
[BlackElo "2500"]

1.Nf3 c5 2.c4 Nf6 3.g3 b6 4.Bg2 Bb7 5.O-O e6 6.Nc3 Be7 7.Re1 d6 8.e4 O-O
9.d4 cxd4 10.Nxd4 a6 11.e5 dxe5 12.Bxb7 exd4 13.Bxa8 Nbd7 14.Nd5 exd5 15.Bxd5 Nxd5
16.cxd5 Nf6 17.Qxd4 Bc5 18.Qc4 Nxd5 19.b4 Nxb4 20.Be3 Qf6 21.Bxc5 bxc5 22.Rad1 a5
23.a3 Na6 24.Rd7 h5 25.Ra7 Nb8 26.Qxc5 h4 27.Rc7 Qd8 28.Qe7  1/2-1/2

[Event "RUS-Cup"]
[Site "Krasnoiarsk"]
[Date "1998.??.??"]
[Round "9"]
[White "Logunov, M."]
[Black "Dorofeev, Ivan"]
[Result "1-0"]
[WhiteElo "2455"]
[BlackElo "2325"]

1.Nf3 Nf6 2.c4 e6 3.g3 b6 4.Bg2 Bb7 5.O-O c5 6.Nc3 Be7 7.d4 cxd4 8.Qxd4 O-O
9.b3 Na6 10.Rd1 d6 11.Bg5 h6 12.Be3 Qb8 13.Qd2 Rd8 14.Bxh6 gxh6 15.Qxh6 Rd7
16.Qg5+ Kf8 17.Qf4 Nc5 18.Rd4 Ng8 19.Qe3 Bf6 20.Rf4 Qd8 21.Rd1 a5 22.Nb5 Rc8
23.h4 Bg7 24.Ng5 Nf6 25.Bxb7 Nxb7 26.h5 Rc5 27.Rh4 Re5 28.Qd2 Kg8 29.h6 Bh8
30.h7+ Kf8 31.Nf3 Re4 32.Qh6+ Ke7 33.Rxe4 Nxe4 34.Nfd4 Qf8 35.Qh4+ Nf6 36.Nc6+ Ke8
37.Nb8 Re7 38.Rxd6 Nxd6 39.Nxd6+ Kd8 40.Qd4 Nd7 41.Nc6+ Kc7 42.Nb5+ Kb7 43.Qd6 Be5
44.Nxe5 Nxe5 45.h8=Q  1-0

[Event "Kstovo"]
[Site "Kstovo"]
[Date "1998.??.??"]
[Round "6"]
[White "Skomorokhin, Roman"]
[Black "Brodsky, Michail"]
[Result "0-1"]
[WhiteElo "2480"]
[BlackElo "2545"]

1.Nf3 Nf6 2.c4 b6 3.g3 c5 4.Bg2 Bb7 5.O-O e6 6.Nc3 d6 7.Re1 Be7 8.e4 a6 9.d4 cxd4
10.Nxd4 Qc7 11.Be3 O-O 12.Rc1 Re8 13.f4 Bf8 14.g4 Nfd7 15.g5 Nc6 16.Nde2 Rac8
17.Ng3 Qb8 18.b3 Na7 19.Qd3 Bc6 20.Qf1 Rc7 21.Qf2 Nc5 22.Rcd1 Ba8 23.Nh5 Nd7
24.a4 Nc6 25.Qb2 Nb4 26.Qf2 Bc6 27.Rf1 b5 28.axb5 axb5 29.f5 Ne5 30.Bh3 bxc4
31.bxc4 Bd7 32.Rb1 Rxc4 33.Na2 Rc2 34.Rxb4 Rxf2 35.Rxb8 Rxf1+  0-1

[Event "VfB op 5th"]
[Site "Leipzig"]
[Date "1998.??.??"]
[Round "3"]
[White "Goemann, Jens"]
[Black "Spiess, Gunter"]
[Result "1/2-1/2"]
[WhiteElo "2155"]
[BlackElo "2400"]

1.c4 e6 2.Nf3 c5 3.g3 b6 4.Bg2 Bb7 5.O-O Nf6 6.Nc3 Be7 7.Re1 d6 8.e4 a6 9.d4 cxd4
10.Nxd4 Qc7 11.Be3 O-O 12.Rc1 Nbd7 13.f4 Rfe8 14.b3 Rad8 15.h3 Bf8 16.Bf2 Qb8
17.Qc2 Qa8 18.a4 Rc8 19.Qb1 Nc5 20.Kh2 g6 21.b4 Ncd7 22.Bf1 a5 23.bxa5 bxa5
24.e5 dxe5 25.fxe5 Nh5 26.Ncb5 Red8 27.Nd6 Bxd6 28.exd6 Nc5 29.Nb5 Ne4 30.Nc7 Qb8
31.Rxe4 Rxd6 32.Nb5 Bxe4 33.Qxe4 Rd2 34.Be2 Rcd8  1/2-1/2

[Event "Leuven ASLK"]
[Site "Leuven"]
[Date "1998.??.??"]
[Round "9"]
[White "Schebler, Gerhard"]
[Black "Akesson, Ralf"]
[Result "1/2-1/2"]
[WhiteElo "2450"]
[BlackElo "2505"]

1.Nf3 Nf6 2.g3 b6 3.Bg2 Bb7 4.O-O c5 5.c4 e6 6.Nc3 Be7 7.Re1 d6 8.e4 a6 9.d4 cxd4
10.Nxd4 Qc7 11.Be3 Nbd7 12.f4 Rc8 13.Bf2 O-O 14.Rc1 Rfd8 15.g4 Nf8 16.g5  1/2-1/2

[Event "BEL-ch"]
[Site "Liege"]
[Date "1998.??.??"]
[Round "4"]
[White "Vandevoort, Pascal"]
[Black "Vanderstricht, Geert"]
[Result "1/2-1/2"]
[WhiteElo "2295"]
[BlackElo "2300"]

1.c4 e6 2.Nf3 Nf6 3.g3 b6 4.Bg2 Bb7 5.O-O c5 6.Nc3 Be7 7.Re1 d5 8.cxd5 exd5
9.d4 O-O 10.Be3 Nbd7 11.Rc1 Re8 12.h3 Ne4 13.Nxe4 dxe4 14.Nd2 cxd4 15.Bxd4 Nc5  1/2-1/2

[Event "RUS-Cup02"]
[Site "Moscow"]
[Date "1998.??.??"]
[Round "1"]
[White "Semenov, Valeri"]
[Black "Kulikov, Alexander O"]
[Result "1-0"]
[WhiteElo "2325"]
[BlackElo "2395"]

1.Nf3 Nf6 2.c4 e6 3.g3 b6 4.Bg2 Bb7 5.O-O c5 6.Nc3 Be7 7.b3 O-O 8.Bb2 d6
9.e3 Nbd7 10.d4 cxd4 11.exd4 Rc8 12.Re1 a6 13.a4 Qc7 14.d5 e5 15.Bh3 Rb8
16.Nh4 Rfe8 17.Nf5 Bf8 18.Ne3 Bc8 19.Ng4 Nxg4 20.Bxg4 Nc5 21.Bxc8 Rexc8 22.Ne4 Qd7
23.Ba3 h6 24.Rc1 Be7 25.Qc2 f5 26.Nd2 Bg5 27.Rb1 e4 28.Bxc5 bxc5 29.Kg2 Re8
30.f4 Bf6 31.Nf1 Rb4 32.g4 h5 33.gxf5 Qxf5 34.Ng3 Qg4 35.Rxe4 Rbb8 36.h3 Qg6
37.Rxe8+ Qxe8 38.Qe4 h4 39.Qxe8+ Rxe8 40.Nf5 Re2+ 41.Kf3 Rh2 42.Nxd6 Rxh3+
43.Ke4 g6 44.Nb7 Kf7 45.Nxc5 a5 46.Nd7 Be7 47.Ne5+ Kf6 48.Rg1  1-0

[Event "Atom Cup IM 3rd"]
[Site "Paks"]
[Date "1998.??.??"]
[Round "2"]
[White "Meszaros, Gyula"]
[Black "Toth, Andras"]
[Result "1/2-1/2"]
[WhiteElo "2305"]
[BlackElo "2330"]

1.c4 c5 2.Nf3 Nf6 3.g3 b6 4.Bg2 Bb7 5.O-O e6 6.Nc3 Be7 7.d4 cxd4 8.Nxd4 Bxg2
9.Kxg2 d6 10.b3 O-O 11.Qd3  1/2-1/2